| 000 | 01058cam a2200325 a 4500 | ||
|---|---|---|---|
| 001 | 2352210 | ||
| 005 | 20140310181653.0 | ||
| 008 | 841019s1985 nyu j 000 1 eng | ||
| 010 | _a 83049481 | ||
| 020 | _a0590974092 | ||
| 020 | _a9780064402057 | ||
| 040 |
_aDLC _cDLC _dDLC |
||
| 042 | _alcac | ||
| 050 |
_aPZ 7 _b.M2225Sar 2004 |
||
| 082 | 0 | 0 |
_aKF _bM22s 1992 |
| 100 | 1 | _aMacLachlan, Patricia. | |
| 245 | 1 | 0 |
_aSarah, plain and tall / _cPatricia MacLachlan |
| 260 |
_aNew York : _bScholastic Inc., _c2004. |
||
| 300 |
_a64 p. : _c20 cm. |
||
| 650 | 0 |
_aWitting family (Fictitious characters) _vFiction. |
|
| 650 | 1 |
_aStepmothers _vFiction. |
|
| 650 | 1 |
_aFrontier and pioneer life _vFiction. |
|
| 856 | 4 | 2 |
_3Publisher description _uhttp://www.loc.gov/catdir/description/hc044/83049481.html |
| 856 | 4 | 2 |
_3Contributor biographical information _uhttp://www.loc.gov/catdir/enhancements/fy0910/83049481-b.html |
| 906 |
_a7 _bcbc _corignew _d1 _eocip _f19 _gy-gencatlg |
||
| 942 |
_2lcc _cBK |
||
| 999 |
_c1035 _d1035 |
||